书目信息 |
| 题名: |
那山 那水 那云
|
|
| 作者: | 尚奎舜 著 | |
| 分册: | ||
| 出版信息: | 北京 外文出版社 2003.01 |
|
| 页数: | 112页 | |
| 开本: | 20cm | |
| 丛书名: | ||
| 单 册: | ||
| 中图分类: | J424 | |
| 科图分类: | ||
| 主题词: | 摄影艺术--中国 | |
| 电子资源: | ||
| ISBN: | 7-119-03005-1 | |
| 000 | 00564nam0 2200193 450 | |
| 001 | 2339102175 | |
| 005 | 20231231105317.62 | |
| 010 | @a7-119-03005-1@dCNY 120.00 | |
| 100 | @a20231231d2003 km y0chiy0120 ea | |
| 101 | 0 | @achi |
| 102 | @aCN@b110000 | |
| 200 | 1 | @a那山 那水 那云@ANa Shan Na Shui Na Yun@f尚奎舜著@FShang Kui Shun Zhu |
| 210 | @a北京@c外文出版社@d2003.01 | |
| 215 | @a112页@d20cm | |
| 606 | 0 | @a摄影艺术@x中国 |
| 690 | @aJ424@v4 | |
| 701 | 0 | @a尚奎舜@AShang Kui Shun@4著 |
| 801 | 0 | @aCN@b大连网信软件有限公司图书馆·11@c20231231 |
| 905 | @aBZT@dJ424@e7 | |
| 那山 那水 那云/尚奎舜著.-北京:外文出版社,2003.01 |
| 112页;20cm |
| ISBN 7-119-03005-1:CNY 120.00 |
| ● |
| 相关链接 |
|
|
|
正题名:那山 那水 那云
索取号:J424/7
 
预约/预借
| 序号 | 登录号 | 条形码 | 馆藏地/架位号 | 状态 | 备注 |
| 1 | 2001733148 | 2001733148 | 辽三/辽宁北配(第三批)/4512/ [索取号:J424/7] | 在馆 | |
| 2 | 2001733149 | 2001733149 | 辽三/辽宁北配(第三批)/4512/ [索取号:J424/7] | 在馆 | |
| 3 | 2001733150 | 2001733150 | 辽三/辽宁北配(第三批)/4512/ [索取号:J424/7] | 在馆 | |
| 4 | 2001733151 | 2001733151 | 辽三/辽宁北配(第三批)/4512/ [索取号:J424/7] | 在馆 | |
| 5 | 2001733152 | 2001733152 | 辽三/辽宁北配(第三批)/4512/ [索取号:J424/7] | 在馆 | |
| 6 | 2001733153 | 2001733153 | 辽三/辽宁北配(第三批)/4512/ [索取号:J424/7] | 在馆 | |
| 7 | 2001733154 | 2001733154 | 辽三/辽宁北配(第三批)/4512/ [索取号:J424/7] | 在馆 | |
| 8 | 2001733155 | 2001733155 | 辽三/辽宁北配(第三批)/4512/ [索取号:J424/7] | 在馆 | |
| 9 | 2001733156 | 2001733156 | 辽三/辽宁北配(第三批)/4512/ [索取号:J424/7] | 在馆 | |
| 10 | 2001733157 | 2001733157 | 辽三/辽宁北配(第三批)/4512/ [索取号:J424/7] | 在馆 | |
| 11 | 2001733158 | 2001733158 | 辽三/辽宁北配(第三批)/4512/ [索取号:J424/7] | 在馆 | |
| 12 | 2001733159 | 2001733159 | 辽三/辽宁北配(第三批)/4512/ [索取号:J424/7] | 在馆 | |
| 13 | 2001733160 | 2001733160 | 辽三/辽宁北配(第三批)/4512/ [索取号:J424/7] | 在馆 | |
| 14 | 2001733161 | 2001733161 | 辽三/辽宁北配(第三批)/4512/ [索取号:J424/7] | 在馆 | |
| 15 | 2001733162 | 2001733162 | 辽三/辽宁北配(第三批)/4512/ [索取号:J424/7] | 在馆 | |
| 16 | 2001733163 | 2001733163 | 辽三/辽宁北配(第三批)/4512/ [索取号:J424/7] | 在馆 | |
| 17 | 2001733164 | 2001733164 | 辽三/辽宁北配(第三批)/4512/ [索取号:J424/7] | 在馆 | |
| 18 | 2001733165 | 2001733165 | 辽三/辽宁北配(第三批)/4513/ [索取号:J424/7] | 在馆 | |
| 19 | 2001733166 | 2001733166 | 辽三/辽宁北配(第三批)/4513/ [索取号:J424/7] | 在馆 | |
| 20 | 2001733167 | 2001733167 | 辽三/辽宁北配(第三批)/4513/ [索取号:J424/7] | 在馆 | |
| 21 | 2001733168 | 2001733168 | 辽三/辽宁北配(第三批)/4513/ [索取号:J424/7] | 在馆 | |
| 22 | 2001733169 | 2001733169 | 辽三/辽宁北配(第三批)/4513/ [索取号:J424/7] | 在馆 | |
| 23 | 2001733170 | 2001733170 | 辽三/辽宁北配(第三批)/4513/ [索取号:J424/7] | 在馆 | |
| 24 | 2001733171 | 2001733171 | 辽三/辽宁北配(第三批)/4513/ [索取号:J424/7] | 在馆 | |
| 25 | 2001733172 | 2001733172 | 辽三/辽宁北配(第三批)/4513/ [索取号:J424/7] | 在馆 | |
| 26 | 2001733173 | 2001733173 | 辽三/辽宁北配(第三批)/4513/ [索取号:J424/7] | 在馆 | |
| 27 | 2001733174 | 2001733174 | 辽三/辽宁北配(第三批)/4513/ [索取号:J424/7] | 在馆 | |
| 28 | 2001733175 | 2001733175 | 辽三/辽宁北配(第三批)/4513/ [索取号:J424/7] | 在馆 | |
| 29 | 2001733176 | 2001733176 | 辽三/辽宁北配(第三批)/4513/ [索取号:J424/7] | 在馆 |